| 000 | 00690nam a2200229 i 4500 | ||
|---|---|---|---|
| 001 | 91229 | ||
| 003 | ES-MaACL | ||
| 005 | 20230906180654.0 | ||
| 007 | t| | ||
| 008 | 050128s1952 sp ||||1| spa d | ||
| 100 | 1 |
_aLestien, Georges. _971865 |
|
| 245 | 1 | 3 |
_aLa Primera Guerra Mundial / _cGeorges Lestien ; versión española de Zoé de Godoy. |
| 250 | _a[1ª ed. española]. | ||
| 260 |
_aBarcelona, etc. : _bSalvat, _c[1952] ( _fImp. Hispano-Americana) |
||
| 300 |
_a160 p. ; _c12 cm. |
||
| 490 | 1 | _aSurco | |
| 650 | 0 | 4 |
_aGuerra mundial, 1914-1918. _913212 |
| 700 | 1 |
_aGodoy, Zoe. _957541 |
|
| 830 | 0 |
_aSurco _9181374 |
|
| 852 |
_aES-MaACL _jD-8151 _bR.32664 |
||
| 999 |
_c91229 _d91229 |
||